| 000 | 00578nam a22001817a 4500 | ||
|---|---|---|---|
| 999 |
_c8350 _d8350 |
||
| 008 | 201113b ||||| |||| 00| 0 eng d | ||
| 040 | _aBMS College of Architecture | ||
| 100 | _aVishwanath, Neha | ||
| 245 | _aSthala-A -A place: A heritage interpretation centre | ||
| 300 | _aNA | ||
| 500 | _a1BM15AT054 | ||
| 502 |
_8B,Arch _NBMS College of Architecture, Visvesvaraya Technological University (VTU) _aProject report _d2019 |
||
| 650 | _aHeritage | ||
| 650 | _aInterpretation centre | ||
| 700 |
_aYogeshwari K _eGuide |
||
| 700 |
_aLakshmy Poorna _eGuide |
||
| 942 |
_2ddc _cTHE |
||